[Event "XXIV ECC"]
[Site "Kallithea GRE"]
[Date "2008.10.21"]
[Round "5"]
[White "Sedina, E."]
[Black "Grigoryan, Av"]
[Result "0-1"]
[WhiteElo "2365"]
[BlackElo "2513"]
[PlyCount "86"]
[EventDate "2008.10.17"]
[Source "www.chesslib.no"]
[SourceDate "2004.05.04"]

1. e4 e6 2. f4 d5 3. e5 c5 4. Nf3 Nc6 5. c3 d4 6. Bd3 b6 7. Be4 Bb7 8. Qe2 Qd7 9. O-O O-O-O 10. d3 dxc3 11. bxc3 f5 12. exf6 gxf6 13. Nbd2 Nge7 14. Nc4 Bg7 15. a4 f5 16. Nfe5 Bxe5 17. Nxe5 Nxe5 18. Bxb7+ Kxb7 19. Qxe5 Nc6 20. Qf6 Rhg8 21. Bb2 Qxd3 22. Qf7+ Qd7 23. Qxd7+ Rxd7 24. Rae1 Rd6 25. Re2 Na5 26. Rfe1 Nc4 27. Bc1 Re8 28. Kf2 Rd3 29. Rxe6 Rxe6 30. Rxe6 Rxc3 31. Re1 h5 32. h3 Kc6 33. Rd1 a6 34. Rg1 b5 35. axb5+ axb5 36. Ke2 h4 37. g4 hxg3 38. h4 Kd5 39. h5 Ke4 40. h6 Rc2+ 41. Kd1 Rh2 42. Rxg3 Rxh6 43. Kc2 Rh2+ 0-1

[Event "It (a)"]
[Site "?"]
[Date "2002.??.??"]
[Round "5"]
[White "Komliakov Viktor"]
[Black "Kim Alexey"]
[Result "1-0"]
[WhiteElo "2458"]
[BlackElo "2414"]
[PlyCount "65"]
[EventDate "2002.??.??"]
[Source "www.chesslib.no"]
[SourceDate "2004.05.04"]

1. e4 e6 2. f4 c5 3. Nf3 Qc7 4. d4 cxd4 5. Nxd4 a6 6. Bd3 d6 7. O-O Nf6 8. Kh1 Nbd7 9. Nb3 b6 10. c4 Bb7 11. Nc3 Be7 12. Qe2 O-O 13. Bd2 Rad8 14. Rae1 Qb8 15. Rf3 Qa8 16. Rh3 g6 17. Kg1 Ne8 18. Nd1 b5 19. cxb5 axb5 20. Bxb5 Nc5 21. Nxc5 dxc5 22. Nf2 Nd6 23. Bc3 Qxa2 24. Ng4 f6 25. Bd3 c4 26. Bb1 Qa6 27. Nh6+ Kg7 28. e5 Ne8 29. f5 Qb6+ 30. Kh1 Qc6 31. fxg6 hxg6 32. exf6+ Bxf6 33. Rg3 1-0

[Event "Guillermo Garcia mem-A"]
[Site "Santa Clara"]
[Date "1999.06.06"]
[Round "12"]
[White "Gamboa, Nelson"]
[Black "Matamoros Franco, Carlos S"]
[Result "0-1"]
[WhiteElo "2411"]
[BlackElo "2458"]
[PlyCount "100"]
[EventDate "1999.05.??"]
[Source "ChessBase"]
[SourceDate "1999.07.10"]

1. e4 e6 2. f4 d5 3. e5 c5 4. Nf3 Nc6 5. c3 Nh6 6. Na3 Bd7 7. Nc2 Qb6 8. Ne3 f6 9. exf6 gxf6 10. Bd3 O-O-O 11. O-O c4 12. Bc2 Bd6 13. Nh4 f5 14. Kh1 Rdg8 15. b3 Ng4 16. Qe1 Qc7 17. g3 Nd8 18. d4 cxd3 19. Bxd3 h5 20. Nc2 Nc6 21. b4 Kb8 22. a4 Be7 23. b5 Bxh4 24. gxh4 d4 25. cxd4 Ne7 26. Nb4 a5 27. bxa6 Bc6+ 28. d5 Nxd5 29. Nxc6+ Qxc6 30. Bb5 Qc2 31. Qe2 Qxe2 32. Bxe2 Rc8 33. Rb1 Rc2 34. Rxb7+ Ka8 35. Rb2 Rhc8 36. Rxc2 Rxc2 37. Re1 Nf2+ 38. Kg2 Nd3 39. Kf1 Nxe1 40. Ba3 Ra2 41. Bc5 Ng2 42. Bb5 Nge3+ 43. Kg1 Rg2+ 44. Kh1 Rg7 45. Bc6+ Kb8 46. Be8 Rg8 47. Bd7 Kc7 48. Bxe6 Ra8 49. a7 Kc6 50. Bd4 Nxf4 0-1

[Event "FSGM February"]
[Site "Budapest"]
[Date "2004.02.10"]
[Round "4"]
[White "Fogarasi, Tibor"]
[Black "Porat, Shi"]
[Result "1/2-1/2"]
[WhiteElo "2477"]
[BlackElo "2386"]
[PlyCount "61"]
[EventDate "2004.02.07"]
[Source "Roberto Alvarez"]
[SourceDate "2004.02.23"]

1. e4 e6 2. f4 d5 3. e5 c5 4. Nf3 Nc6 5. c3 Nge7 6. Na3 Nf5 7. Nc2 f6 8. d4 fxe5 9. fxe5 Nh4 10. Ng5 g6 11. g3 Nf5 12. Bd3 Be7 13. Nf3 O-O 14. O-O cxd4 15. cxd4 Bd7 16. g4 Nh4 17. Bh6 Rxf3 18. Rxf3 Nxf3+ 19. Qxf3 Bg5 20. Bxg5 Qxg5 21. Rf1 Qe7 22. Kg2 Rf8 23. Qxf8+ Qxf8 24. Rxf8+ Kxf8 25. Kf3 Kg7 26. Kf4 a6 27. h3 Na7 28. Na3 Nc6 29. Nc2 Na7 30. Na3 Nc6 31. Nc2 1/2-1/2

[Event "Prievidza"]
[Site "?"]
[Date "1996.??.??"]
[Round "?"]
[White "Cicak Slavko"]
[Black "Koutsin Sergey"]
[Result "1-0"]
[WhiteElo "2425"]
[BlackElo "2435"]
[PlyCount "81"]
[EventDate "1996.??.??"]
[Source "www.chesslib.no"]
[SourceDate "2004.05.04"]

1. e4 e6 2. f4 d5 3. e5 c5 4. Nf3 Ne7 5. c3 Nf5 6. Na3 Nc6 7. Nc2 Bd7 8. Ne3 Be7 9. Nxf5 exf5 10. g3 Be6 11. d3 O-O 12. Bg2 b5 13. d4 c4 14. a3 a5 15. Nd2 Rb8 16. Nf1 Qd7 17. Ne3 Bd8 18. a4 Ne7 19. axb5 Rxb5 20. Qc2 Bb6 21. Bf3 Rb8 22. Qg2 Bd8 23. Bd1 R5b6 24. Ra2 Kh8 25. Ba4 Qc8 26. Bc2 Qd7 27. Qh3 g6 28. Qg2 R6b7 29. h3 Bb6 30. g4 Rg8 31. g5 Bc5 32. Ba4 Nc6 33. Nc2 Bf8 34. b3 Be7 35. Qe4 dxe4 36. Ba3 Qc8 37. Bb2 Rd7 38. Na3 Rd6 39. bxc4 Bd5 40. Ba1 Re6 41. Rg1 1-0

[Event "Minsk op"]
[Site "?"]
[Date "1996.??.??"]
[Round "5"]
[White "Berezjuk Sergej"]
[Black "Belozerov Andrei"]
[Result "1-0"]
[WhiteElo "2425"]
[BlackElo "2430"]
[PlyCount "83"]
[EventDate "1996.??.??"]
[Source "www.chesslib.no"]
[SourceDate "2004.05.04"]

1. e4 e6 2. f4 d5 3. e5 c5 4. Nf3 Nc6 5. c3 Nh6 6. Na3 Nf5 7. Nc2 Bd7 8. Bd3 Be7 9. Ne3 g6 10. O-O Qb6 11. Rb1 h5 12. Re1 Nh4 13. Nxh4 Bxh4 14. g3 Be7 15. h4 O-O-O 16. Kh2 f6 17. exf6 Bxf6 18. b4 c4 19. Bf1 e5 20. Qf3 e4 21. Qe2 Be6 22. b5 Ne7 23. Ba3 Nf5 24. Bh3 Kb8 25. Bxf5 Bxf5 26. Bb4 Rd7 27. a4 Qe6 28. Nc2 Re8 29. Qe3 b6 30. a5 Rc8 31. Ra1 Rb7 32. axb6 axb6 33. Ra6 Bg4 34. Ba5 Bd8 35. Nd4 Qd7 36. Nc6+ Rxc6 37. bxc6 Qxc6 38. Rb1 Qa4 39. Qd4 Qa2 40. Qxd5 Bc7 41. Rbxb6 Bxb6 42. Qd6+ 1-0

[Event "SUI-chT Mendrisio-Bern"]
[Site "Svizzera"]
[Date "2007.04.22"]
[Round "3.2"]
[White "Glek, Igor"]
[Black "Curien, Nicolas"]
[Result "1-0"]
[WhiteElo "2551"]
[BlackElo "2285"]
[PlyCount "65"]
[EventDate "2007.02.25"]
[Source "www.chesslib.no"]
[SourceDate "2004.05.04"]

1. e4 e6 2. f4 d5 3. e5 c5 4. Nf3 Nc6 5. c3 Nge7 6. Na3 Nf5 7. Nc2 h5 8. Bd3 g6 9. O-O c4 10. Bxf5 gxf5 11. d3 b5 12. Be3 a5 13. Nfd4 Nxd4 14. Nxd4 Qd7 15. a4 Ba6 16. axb5 Bxb5 17. Nxb5 Qxb5 18. dxc4 Qxc4 19. Qa4+ Qxa4 20. Rxa4 Be7 21. Rfa1 Bd8 22. b4 Kd7 23. bxa5 Ra6 24. c4 dxc4 25. Rd1+ Ke7 26. Bc5+ Ke8 27. Rb4 Bc7 28. Rb7 Rc6 29. Bb4 f6 30. Ra7 Rh7 31. Ra8+ Kf7 32. Rd7+ Kg6 33. Rg8+ 1-0

[Event "KNSB TCh-NED 2007-8"]
[Site "Netherlands NED"]
[Date "2008.02.09"]
[Round "6"]
[White "Bosch, Je"]
[Black "Fiebig, T."]
[Result "1/2-1/2"]
[WhiteElo "2443"]
[BlackElo "2388"]
[PlyCount "89"]
[EventDate "2008.02.09"]
[Source "www.chesslib.no"]
[SourceDate "2004.05.04"]

1. e4 e6 2. f4 d5 3. e5 c5 4. Nf3 Nc6 5. c3 Nh6 6. Na3 Bd7 7. Nc2 Rc8 8. g3 Be7 9. Bh3 f6 10. d4 cxd4 11. Ncxd4 Nxd4 12. Nxd4 f5 13. Be3 O-O 14. Qd2 Bc5 15. Nc2 b6 16. O-O Qe8 17. Bd4 Bb5 18. Rfe1 a5 19. Bg2 Nf7 20. b3 Qe7 21. a4 Ba6 22. b4 Bxd4+ 23. Nxd4 Rc7 24. Rab1 Bc8 25. Nb5 Rb7 26. Qd4 Rd8 27. c4 dxc4 28. Qxc4 Rbd7 29. bxa5 bxa5 30. Rbc1 Rd2 31. Qc5 Qxc5+ 32. Rxc5 g5 33. fxg5 Nxg5 34. Nd6 Bd7 35. Rxa5 Rb8 36. Nc4 Rc2 37. Ne3 Ra2 38. Ra7 Bxa4 39. h4 Nf7 40. Nxf5 Rxg2+ 41. Kxg2 Bc6+ 42. Kg1 exf5 43. e6 Nh6 44. Rc7 Be8 45. Rec1 1/2-1/2

[Event "Pozarevac"]
[Site "Pozarevac"]
[Date "1995.??.??"]
[Round "4"]
[White "Komliakov, Viktor"]
[Black "Ristovic, Ninad"]
[Result "1-0"]
[WhiteElo "2520"]
[BlackElo "2300"]
[PlyCount "67"]
[EventDate "1995.06.??"]
[Source "ChessBase"]

1. e4 e6 2. f4 d5 3. e5 c5 4. Nf3 Nc6 5. c3 Qb6 6. d3 Nge7 7. g3 Nf5 8. Bg2 Be7 9. O-O h5 10. Na3 Bd7 11. Nc2 O-O-O 12. Qe2 d4 13. c4 Kb8 14. b3 Nb4 15. Nce1 Nc6 16. Bd2 Rdg8 17. Ng5 f6 18. Ne4 fxe5 19. Nf3 exf4 20. Bxf4+ e5 21. Bxe5+ Nxe5 22. Nxe5 Bc8 23. Nf7 Ne3 24. Nxh8 Rxh8 25. Rf7 Bf6 26. Nxf6 gxf6 27. Qf2 Nxg2 28. Rxf6 Qd8 29. Kxg2 Bd7 30. Qf4+ Ka8 31. Rf1 b6 32. Rf8 Rxf8 33. Qxf8 Be8 34. Kg1 1-0

[Event "Ost-B"]
[Site "?"]
[Date "1998.??.??"]
[Round "?"]
[White "Nedela Vlastimil"]
[Black "Paehtz Thomas Sr"]
[Result "1/2-1/2"]
[WhiteElo "2340"]
[BlackElo "2480"]
[PlyCount "84"]
[EventDate "1998.??.??"]
[Source "www.chesslib.no"]
[SourceDate "2004.05.04"]

1. e4 e6 2. f4 d5 3. e5 c5 4. Nf3 Nc6 5. c3 Nge7 6. d3 Nf5 7. Na3 Be7 8. Be2 h5 9. g3 Bd7 10. Nc2 d4 11. c4 Qc7 12. Bd2 f6 13. Na3 a6 14. exf6 gxf6 15. Nh4 Nxh4 16. Bxh5+ Kd8 17. gxh4 Nb4 18. Be2 f5 19. h5 Rg8 20. Qb3 Bh4+ 21. Kd1 Bc6 22. Rf1 Qd7 23. Bxb4 Ba4 24. Bxc5 Bxb3+ 25. axb3 Rc8 26. Bb6+ Ke8 27. Nc2 Bf6 28. Bf3 Kf7 29. Ba5 Bg7 30. Ra4 Bh6 31. Bd2 Rcd8 32. Ra5 Rg7 33. b4 Rdg8 34. Ne1 Rg1 35. Rf2 Qc7 36. Re5 Bg7 37. Rxe6 Kxe6 38. Bd5+ Kf6 39. Bxg8 Bf8 40. Bd5 b6 41. Kc2 Qd7 42. b3 Rxe1 1/2-1/2

[Event "Nordic-ch"]
[Site "Bergen"]
[Date "2001.08.10"]
[Round "7"]
[White "Schmidt Schaeffer, Sebastian"]
[Black "Brynell, Stellan"]
[Result "0-1"]
[WhiteElo "2323"]
[BlackElo "2486"]
[PlyCount "86"]
[EventDate "2001.08.04"]
[Source "ChessBase"]
[SourceDate "2001.09.11"]

1. e4 e6 2. f4 d5 3. e5 c5 4. Nf3 Nc6 5. g3 Nge7 6. Bg2 Nf5 7. O-O h5 8. d3 Be7 9. c3 b6 10. Na3 Bb7 11. Nc2 Qc7 12. Ne3 g6 13. Nxf5 gxf5 14. h4 d4 15. cxd4 Nxd4 16. Nxd4 cxd4 17. Bd2 Bxg2 18. Kxg2 Qb7+ 19. Kf2 O-O-O 20. a4 a6 21. b4 Qd5 22. b5 axb5 23. axb5 Kb7 24. Qf3 Qxf3+ 25. Kxf3 Ra8 26. Rfc1 Rhc8 27. Rxc8 Rxc8 28. Ra4 Rc2 29. Bb4 Bc5 30. Bxc5 bxc5 31. Rc4 Rc3 32. Ke2 Kb6 33. Ra4 Rc2+ 34. Kf1 Rd2 35. Ra8 Rxd3 36. Rb8+ Kc7 37. Rg8 c4 38. Ke2 Re3+ 39. Kf2 c3 40. Ra8 c2 41. Ra1 Rc3 42. Rc1 Kb6 43. Ke2 Rxg3 0-1

[Event "Open"]
[Site "Toronto op"]
[Date "1995.??.??"]
[Round "2"]
[White "Vencl, Radivoje"]
[Black "Hergott, Deen"]
[Result "0-1"]
[WhiteElo "2310"]
[BlackElo "2480"]
[PlyCount "82"]
[EventDate "1995.??.??"]
[Source "www.chesslib.no"]
[SourceDate "2004.05.04"]

1. e4 e6 2. f4 d5 3. e5 c5 4. Nf3 Nh6 5. c3 Nc6 6. Bd3 c4 7. Bc2 Bc5 8. b4 Bb6 9. b5 Na5 10. d4 cxd3 11. Qxd3 Bd7 12. a4 Rc8 13. Be3 Ng4 14. Bxb6 Qxb6 15. Nd4 Nc4 16. O-O Nce3 17. Bd1 Nxd1 18. Rxd1 O-O 19. Nd2 f6 20. exf6 Rxf6 21. Rf1 Qc7 22. h3 Nh6 23. Ne2 Qc5+ 24. Kh2 Nf5 25. c4 Ne3 26. Rfc1 Rg6 27. Ng3 Rh6 28. Nh1 e5 29. fxe5 Bf5 30. Qe2 d4 31. Nf3 d3 32. Qd2 Rf8 33. Re1 Nc2 34. Ng3 Bxh3 35. gxh3 Nxa1 36. Rxa1 Rxf3 37. Rf1 Rxf1 38. Nxf1 Qxe5+ 39. Ng3 Qd6 40. c5 Qd7 41. Nf1 Qxh3+ 0-1

[Event "IX Foxwoods Open"]
[Site "Mashantucket USA"]
[Date "2007.04.04"]
[Round "1.13"]
[White "Reichstein, Boris"]
[Black "Kraai, Jesse"]
[Result "0-1"]
[WhiteElo "2225"]
[BlackElo "2561"]
[PlyCount "90"]
[EventDate "2007.04.04"]
[Source "www.chesslib.no"]
[SourceDate "2004.05.04"]

1. e4 e6 2. f4 d5 3. e5 c5 4. Nf3 Nc6 5. Be2 Nh6 6. c3 Qb6 7. Na3 Bd7 8. Qb3 Be7 9. Qxb6 axb6 10. Nc2 Nf5 11. d3 O-O 12. O-O f6 13. g4 Nh6 14. exf6 gxf6 15. h3 Nf7 16. Bd2 Bd6 17. Ne3 Ne7 18. Nh4 Ra4 19. f5 e5 20. c4 Rfa8 21. a3 Ng5 22. Nxd5 Nxd5 23. cxd5 Nxh3+ 24. Kg2 Nf4+ 25. Bxf4 exf4 26. Nf3 h5 27. gxh5 Kh7 28. Rae1 Rg8+ 29. Kf2 Rg3 30. Bd1 Ra8 31. Rg1 Bxf5 32. Nh4 Bxd3 33. Re6 Rxg1 34. Kxg1 Rd8 35. Bf3 Kh6 36. Kh2 Kg5 37. Kh3 Bb5 38. h6 Bd7 39. h7 Bxe6+ 40. dxe6 f5 41. Bxb7 Rh8 42. Nf3+ Kf6 43. Bd5 Rxh7+ 44. Kg2 Ra7 45. Kf2 Be5 0-1

[Event "Moscow1"]
[Site "Moscow RUS"]
[Date "1990.??.??"]
[Round "?"]
[White "Komliakov, Viktor"]
[Black "Dragomarezkij, Evgeni"]
[Result "1/2-1/2"]
[WhiteElo "2400"]
[BlackElo "2385"]
[PlyCount "140"]
[EventDate "1990.??.??"]
[Source "www.chesslib.no"]
[SourceDate "2004.05.04"]

1. e4 e6 2. f4 d5 3. e5 c5 4. Nf3 Ne7 5. c3 Nbc6 6. Na3 Rb8 7. d4 c4 8. Nc2 b5 9. Be2 h5 10. Ne3 b4 11. O-O Nf5 12. Nxf5 exf5 13. Bd2 bxc3 14. Bxc3 Bb4 15. Qd2 Qa5 16. Rfc1 Bd7 17. Ne1 Qb6 18. Nc2 a5 19. Bf3 Be6 20. h3 g6 21. Kh2 O-O 22. Rg1 Kg7 23. Rgd1 Rfd8 24. Ne3 Rd7 25. Qe2 Ne7 26. Qe1 Qd8 27. Qh4 Nc8 28. Qg3 Kf8 29. Qe1 Ne7 30. Rd2 a4 31. Nc2 Bxc3 32. bxc3 Nc6 33. a3 Rb2 34. Nb4 Rxd2 35. Nxc6 Qa8 36. Qxd2 Qxc6 37. Rb1 Rb7 38. Qc1 Qa6 39. Rxb7 Qxb7 40. Bd1 Bd7 41. Bc2 Kg7 42. Qb1 Qxb1 43. Bxb1 h4 44. g3 hxg3+ 45. Kxg3 Kh6 46. Bc2 Bb5 47. Bd1 Bc6 48. h4 Bb5 49. h5 g5 50. fxg5+ Kxg5 51. Bf3 Bc6 52. h6 Kxh6 53. Kh4 f6 54. exf6 Kg6 55. f7 Kxf7 56. Kg5 f4 57. Kxf4 Kf6 58. Bg2 Bb7 59. Bh3 Bc6 60. Bc8 Be8 61. Kg4 Bc6 62. Kh5 Be8+ 63. Kg4 Bc6 64. Kf4 Be8 65. Bb7 Ke6 66. Kg5 Bd7 67. Kg6 Be8+ 68. Kg7 Bd7 69. Kf8 Bb5 70. Bc8+ Kd6 1/2-1/2

[Event "London"]
[Site "London ENG"]
[Date "1975.08.26"]
[Round "9"]
[White "Basman, Michael J"]
[Black "Webb, Simon"]
[Result "1-0"]
[WhiteElo "2395"]
[BlackElo "2385"]
[PlyCount "89"]
[EventDate "1975.??.??"]
[Source "www.chesslib.no"]
[SourceDate "2004.05.04"]

1. e4 e6 2. f4 d5 3. e5 c5 4. Nf3 Nc6 5. b3 f6 6. Nc3 d4 7. Ne4 fxe5 8. Nxe5 Qd5 9. Qh5+ g6 10. Qf3 Nxe5 11. fxe5 Qxe5 12. Bb5+ Bd7 13. O-O O-O-O 14. Bxd7+ Kxd7 15. b4 cxb4 16. a3 b3 17. Rb1 Ne7 18. Rxb3 b6 19. Qd3 Nc6 20. Rb5 Bc5 21. Rf7+ Ke8 22. Qf3 d3+ 23. Nxc5 Qe1+ 24. Qf1 Qxf1+ 25. Rxf1 bxc5 26. Rxc5 Kd7 27. Bb2 Rhf8 28. cxd3 Kd6 29. Rfc1 Rc8 30. Be5+ Kd7 31. d4 Nxe5 32. Rxc8 Rxc8 33. Rxc8 Kxc8 34. dxe5 Kc7 35. Kf2 Kc6 36. Ke3 Kd5 37. d4 Kc4 38. h4 Kc3 39. g4 h6 40. g5 h5 41. d5 exd5 42. e6 d4+ 43. Ke2 Kc2 44. e7 d3+ 45. Ke3 1-0

[Event "Corr"]
[Site "?"]
[Date "2002.08.10"]
[Round "?"]
[White "Ludwig Christoph (GER)"]
[Black "Kahl Fred (GER)"]
[Result "1-0"]
[WhiteElo "2270"]
[BlackElo "2502"]
[PlyCount "65"]
[EventDate "2002.??.??"]
[Source "www.chesslib.no"]
[SourceDate "2004.05.04"]

1. e4 e6 2. f4 d5 3. e5 c5 4. Nf3 Nc6 5. c3 d4 6. Bd3 Nge7 7. O-O h6 8. Be4 b6 9. Na3 Bb7 10. Nc4 Nd5 11. f5 exf5 12. Bxf5 g6 13. Be4 Qd7 14. a4 O-O-O 15. Qb3 dxc3 16. bxc3 Nf4 17. d4 Ne2+ 18. Kf2 Qg4 19. Qc2 Nxc3 20. Bxc6 Bxc6 21. Qxc3 Bxf3 22. Qxf3 Qxf3+ 23. Kxf3 Rxd4 24. Ne3 Bg7 25. Ke2 Bxe5 26. Bb2 Re4 27. Bxe5 Re8 28. Rxf7 R8xe5 29. Ra3 a6 30. Kf3 Re6 31. a5 b5 32. Nd5 c4 33. Nc7 1-0

[Event "Moscow RUS"]
[Site "?"]
[Date "2006.02.11"]
[Round "5"]
[White "Rodchenkov Vitaly"]
[Black "Marzolo Cyril"]
[Result "0-1"]
[WhiteElo "2343"]
[BlackElo "2414"]
[PlyCount "72"]
[EventDate "2006.??.??"]
[Source "www.chesslib.no"]
[SourceDate "2004.05.04"]

1. e4 e6 2. f4 d5 3. e5 c5 4. b4 cxb4 5. d4 Nc6 6. Nf3 Bd7 7. a3 f5 8. axb4 Bxb4+ 9. c3 Be7 10. Bd3 Nh6 11. O-O O-O 12. h3 b6 13. g3 Na5 14. Ra2 Qe8 15. Ng5 Nf7 16. g4 Nxg5 17. fxg5 f4 18. Qe2 Bxg5 19. Nd2 Rc8 20. Nf3 Be7 21. Bd2 Rc7 22. h4 Nb3 23. Rb1 Nxd2 24. Qxd2 Qc8 25. Rb3 g6 26. Qc1 Kg7 27. Qa1 a5 28. Qb2 a4 29. Rxb6 a3 30. Qe2 Rxc3 31. Kg2 Qc7 32. Rb1 Rb8 33. Rxb8 Qxb8 34. Qd2 Qb3 35. Be2 Re3 36. h5 Bb4 0-1

[Event "BL2-W 9697"]
[Site "?"]
[Date "1997.??.??"]
[Round "?"]
[White "Cicak Slavko"]
[Black "Nothnagel Holger"]
[Result "1-0"]
[WhiteElo "2440"]
[BlackElo "2315"]
[PlyCount "67"]
[EventDate "1997.??.??"]
[Source "www.chesslib.no"]
[SourceDate "2004.05.04"]

1. e4 e6 2. f4 d5 3. e5 c5 4. Nf3 Nc6 5. c3 Bd7 6. Na3 Qb6 7. Nc2 Nge7 8. d4 cxd4 9. Ncxd4 Rc8 10. Nc2 Nf5 11. Bd3 g6 12. g4 Nfe7 13. Rf1 Bg7 14. Qe2 a6 15. Ncd4 Nxd4 16. Nxd4 Nc6 17. Nb3 Na5 18. Be3 Qc7 19. Nc5 Bf8 20. Nxd7 Kxd7 21. O-O-O Nc4 22. Bd4 b5 23. f5 Be7 24. Kb1 Rhf8 25. Rf3 Na5 26. Bf2 Nc4 27. Bg3 b4 28. f6 Bd8 29. cxb4 Qc6 30. Rff1 Bb6 31. Rc1 Be3 32. Bxc4 Bxc1 33. Bxa6 Qc7 34. Qb5+ 1-0

[Event "Lillet op"]
[Site "?"]
[Date "1999.??.??"]
[Round "4"]
[White "Cicak Slavko"]
[Black "Maroto Borras Josep Lluis"]
[Result "1-0"]
[WhiteElo "2490"]
[BlackElo "2258"]
[PlyCount "57"]
[EventDate "1999.??.??"]
[Source "www.chesslib.no"]
[SourceDate "2004.05.04"]

1. e4 e6 2. f4 d5 3. e5 c5 4. Nf3 Nc6 5. c3 Nh6 6. Na3 c4 7. Nc2 Bc5 8. b4 cxb3 9. axb3 d4 10. b4 Bb6 11. b5 d3 12. bxc6 dxc2 13. Qxc2 bxc6 14. d4 c5 15. Ba3 cxd4 16. Nxd4 Ng4 17. Qe4 Qd5 18. Qxd5 exd5 19. Nb5 Nf2 20. Nd6+ Kd7 21. Bb5+ Ke6 22. Rf1 Ne4 23. Nxe4 dxe4 24. Bd6 Kf5 25. h3 h5 26. Bc6 Be6 27. Ra4 Bb3 28. Bxe4+ Ke6 29. Rb4 1-0

[Event "Erkel mem op"]
[Site "?"]
[Date "1997.??.??"]
[Round "1"]
[White "Horvath Zoltan"]
[Black "Vigh Bela"]
[Result "0-1"]
[WhiteElo "2355"]
[BlackElo "2390"]
[PlyCount "84"]
[EventDate "1997.??.??"]
[Source "www.chesslib.no"]
[SourceDate "2004.05.04"]

1. e4 e6 2. f4 d5 3. e5 c5 4. Nf3 Nc6 5. Be2 Nge7 6. O-O g6 7. d3 Bg7 8. Be3 b6 9. Nbd2 O-O 10. c3 d4 11. Bf2 dxc3 12. bxc3 Nd5 13. Ne4 f5 14. exf6 Bxf6 15. Nxf6+ Qxf6 16. g3 Nxc3 17. Qc2 Bb7 18. Rac1 Nd4 19. Bxd4 cxd4 20. Ne5 Rfd8 21. Bf3 Bxf3 22. Nxf3 Rac8 23. Rfe1 Rc5 24. Kg2 Nd5 25. Qb3 Ne3+ 26. Kg1 h6 27. Rxc5 bxc5 28. Rc1 Qf5 29. Nh4 Qf6 30. Rxc5 g5 31. Ng2 Nxg2 32. Kxg2 gxf4 33. gxf4 Kh8 34. Kf3 Rf8 35. f5 e5 36. Ke4 Qxf5+ 37. Kd5 Rd8+ 38. Kc4 Qe6+ 39. Kb4 Rb8+ 40. Rb5 Rxb5+ 41. Kxb5 Qxb3+ 42. axb3 e4 0-1

[Event "Frankfurt"]
[Site "?"]
[Date "1998.??.??"]
[Round "3"]
[White "Cicak Slavko"]
[Black "Wornath Kai Rudolf"]
[Result "1-0"]
[WhiteElo "2480"]
[BlackElo "2260"]
[PlyCount "111"]
[EventDate "1998.??.??"]
[Source "www.chesslib.no"]
[SourceDate "2004.05.04"]

1. e4 e6 2. f4 d5 3. e5 c5 4. Nf3 Nc6 5. c3 Nge7 6. Na3 Nf5 7. Nc2 Be7 8. d4 cxd4 9. cxd4 Qb6 10. Bd3 Bd7 11. Bxf5 exf5 12. O-O O-O 13. h3 f6 14. Kh2 fxe5 15. dxe5 Be6 16. Ncd4 Nxd4 17. Nxd4 Bc5 18. Nxe6 Qxe6 19. Qb3 b6 20. Rd1 Rfd8 21. Bd2 Kf7 22. Rac1 a5 23. a3 a4 24. Qb5 Qd7 25. Qd3 g6 26. Rc2 d4 27. Bb4 Rac8 28. Rc4 Qd5 29. Re1 Ke6 30. Bd2 b5 31. Rcc1 Bb6 32. Qg3 Qd7 33. Bb4 Rxc1 34. Rxc1 Rc8 35. Rxc8 Qxc8 36. Qh4 Qc7 37. Bd6 Qf7 38. Qg3 Bc7 39. Bc5 Kd5 40. b4 Qe6 41. Qf3+ Kc4 42. Qe2+ Kc3 43. Qxb5 Bxe5 44. Qf1 Bf6 45. Qc1+ Kb3 46. Qb1+ Kc3 47. b5 Qb3 48. Bb4+ Kc4 49. Qc1+ Kd3 50. Qc6 Bh4 51. b6 Ke2 52. Qe8+ Kf1 53. Qb5+ d3 54. b7 Qc2 55. Qd5 Qxg2+ 56. Qxg2# 1-0

[Event "Ch Pfalz"]
[Site "Pfalz"]
[Date "1990.??.??"]
[Round "?"]
[White "Meduna, Eduard"]
[Black "Liebau Andreas"]
[Result "1-0"]
[WhiteElo "2485"]
[BlackElo "2225"]
[PlyCount "73"]
[EventDate "1990.??.??"]
[Source "www.chesslib.no"]
[SourceDate "2004.05.04"]

1. e4 e6 2. f4 d5 3. e5 c5 4. Nf3 a6 5. c3 Nc6 6. Be2 Be7 7. O-O Nh6 8. Na3 b5 9. Nc2 Qb6 10. Kh1 d4 11. a4 Rb8 12. axb5 axb5 13. b3 O-O 14. Bb2 Rd8 15. cxd4 cxd4 16. Bd3 g6 17. Qe2 Nf5 18. Qf2 h5 19. Rfe1 Bc5 20. Ng5 Be7 21. Nf3 Bb7 22. h3 Kg7 23. Kh2 b4 24. Ng5 Bxg5 25. fxg5 Nce7 26. Ra4 Nc6 27. Be4 Qc7 28. Bxf5 gxf5 29. Nxd4 Nxe5 30. Nxe6+ fxe6 31. Bxe5+ Qxe5+ 32. Rxe5 Bd5 33. Ra7+ Kg6 34. h4 Rbc8 35. Qe3 Re8 36. Rxd5 exd5 37. Qb6+ 1-0

[Event "JUG Team Ch FL"]
[Site "Arandjelovac"]
[Date "1990.??.??"]
[Round "9"]
[White "Vencl, Radivoje"]
[Black "Ilic, Dragan"]
[Result "1/2-1/2"]
[WhiteElo "2305"]
[BlackElo "2395"]
[PlyCount "38"]
[EventDate "1990.??.??"]
[Source "www.chesslib.no"]
[SourceDate "2004.05.04"]

1. e4 e6 2. f4 d5 3. e5 c5 4. Nf3 Nc6 5. c3 Nh6 6. Bd3 f5 7. Bb5 Be7 8. Bxc6+ bxc6 9. d3 a5 10. Qe2 c4 11. d4 O-O 12. h3 Bd7 13. Ng5 Qc8 14. Nd2 Be8 15. Qf2 Bg6 16. Ndf3 Rb8 17. Be3 Nf7 18. Nxf7 Rxf7 19. Rc1 Bd8 1/2-1/2

[Event "Tournament (computers)"]
[Site "Internet"]
[Date "2008.01.27"]
[Round "5"]
[White "Computer \"]
[Black "Computer \"]
[Result "0-1"]
[WhiteElo "2325"]
[BlackElo "2360"]
[PlyCount "133"]
[EventDate "2008.??.??"]
[Source "www.chesslib.no"]
[SourceDate "2004.05.04"]

1. e4 e6 2. f4 d5 3. exd5 exd5 4. d4 Nf6 5. Nf3 Bb4+ 6. c3 Bd6 7. Bd3 O-O 8. O-O c5 9. Re1 Nc6 10. Na3 c4 11. Be2 Re8 12. Nb5 Be7 13. b4 Bf5 14. a4 Ne4 15. Bb2 Qb8 16. Ne5 a6 17. Na3 a5 18. bxa5 f6 19. Nxc6 bxc6 20. Qc1 Bd6 21. g3 Ng5 22. Nxc4 Nh3+ 23. Kg2 dxc4 24. Ba3 Kh8 25. Bxd6 Qxd6 26. Bxc4 Qd7 27. a6 Be4+ 28. Rxe4 Rxe4 29. Qd1 Re3 30. Rc1 Qf5 31. a5 Rae8 32. Bf1 g6 33. d5 cxd5 34. Bb5 R8e7 35. Bf1 Kg7 36. c4 dxc4 37. Bxc4 Rd7 38. Qc2 Qxa5 39. Rd1 Qd8 40. Rxd7+ Qxd7 41. Be2 Qe6 42. Bf1 Qg4 43. Kh1 Re1 44. Kg2 Rd1 45. a7 Ra1 46. Qc7+ Kh6 47. Qc4 Qf5 48. Be2 Rxa7 49. Qg8 g5 50. Qf8+ Rg7 51. fxg5+ Nxg5 52. Qd6 Qe4+ 53. Kf2 Nh3+ 54. Ke1 Rf7 55. Kd2 Kg7 56. Ba6 Qg2+ 57. Kc3 Qxh2 58. Bc4 Rb7 59. Bb3 Nf2 60. Bd5 Ne4+ 61. Bxe4 Qb2+ 62. Kc4 Qc1+ 63. Kd4 Qd2+ 64. Bd3 Rb4+ 65. Qxb4 Qxb4+ 66. Ke3 Qd6 67. g4 0-1

[Event "Weekender"]
[Site "?"]
[Date "2005.04.02"]
[Round "2"]
[White "Cicak Slavko"]
[Black "Gunter David WW"]
[Result "1-0"]
[WhiteElo "2530"]
[BlackElo "2139"]
[PlyCount "73"]
[EventDate "2005.??.??"]
[Source "www.chesslib.no"]
[SourceDate "2004.05.04"]

1. e4 e6 2. f4 d5 3. e5 h5 4. Nf3 Nh6 5. c3 c5 6. Na3 Nc6 7. Nc2 Bd7 8. d4 Nf5 9. Bd3 Nh4 10. Nxh4 Qxh4+ 11. g3 Qd8 12. dxc5 Bxc5 13. Qe2 a5 14. Be3 Qb6 15. Bxc5 Qxc5 16. O-O-O a4 17. a3 O-O-O 18. Kb1 Kb8 19. Bb5 Na5 20. Bxd7 Rxd7 21. Rd4 Nc4 22. Ne3 b5 23. Rhd1 Rc8 24. f5 Rb7 25. Ng2 Qe7 26. Ka2 Nxa3 27. f6 gxf6 28. exf6 Qd6 29. bxa3 Rxc3 30. Rb4 Qc5 31. Qe5+ Ka8 32. Rd2 Rc7 33. Rdb2 Rd3 34. Nf4 Rd1 35. Ne2 Rd3 36. Qf4 d4 37. Qe4+ 1-0

[Event "Corr"]
[Site "?"]
[Date "2003.09.01"]
[Round "?"]
[White "Kubasky Alojz (SVK)"]
[Black "Haraldsson Haraldur (ISL)"]
[Result "0-1"]
[WhiteElo "2315"]
[BlackElo "2348"]
[PlyCount "70"]
[EventDate "2003.??.??"]
[Source "www.chesslib.no"]
[SourceDate "2004.05.04"]

1. e4 e6 2. f4 d5 3. e5 Nh6 4. Nf3 c5 5. Be2 Nf5 6. c3 Be7 7. O-O Nc6 8. Na3 Bd7 9. g3 f6 10. g4 Nh6 11. exf6 gxf6 12. h3 Nf7 13. d3 Rg8 14. Kh2 Qc7 15. d4 c4 16. Qc2 Bxa3 17. bxa3 Rg7 18. Re1 O-O-O 19. Rg1 e5 20. dxe5 fxe5 21. Qd2 Be6 22. Qe3 Re8 23. Rb1 Bd7 24. Rg2 h5 25. g5 d4 26. cxd4 exd4 27. Qf2 d3 28. Bf1 Nd6 29. Nd2 c3 30. Bxd3 cxd2 31. Bxd2 Ne4 32. Bxe4 Rxe4 33. Be3 Rge7 34. Bd2 Nd4 35. Rb4 Qc5 0-1